Francisco Amorós y el antiguo juego de pelota / (Record no. 35784)

MARC details
000 -LEADER
campo de control de longitud fija 00839nam a2200229 i 4500
001 - NÚMERO DE CONTROL
campo de control 35784
003 - IDENTIFICADOR DE NÚMERO DE CONTROL
campo de control ES-MaACL
005 - FECHA Y HORA DE LA ÚLTIMA TRANSACCIÓN
campo de control 20250902085359.0
007 - CAMPO FIJO DE DESCRIPCIÓN FÍSICA--INFORMACIÓN GENERAL
campo de control de longitud fija t|
008 - DATOS DE LONGITUD FIJA--INFORMACIÓN GENERAL
campo de control de longitud fija 030214s1974 sp a ||||1| spa d
100 1# - ENTRADA PRINCIPAL--NOMBRE DE PERSONA
Nombre de persona Bozas Urrutia, Rodolfo.
9 (RLIN) 31215
245 10 - MENCIÓN DEL TÍTULO
Título Francisco Amorós y el antiguo juego de pelota /
Mención de responsabilidad, etc. por R. Rozas Urrutia.
260 ## - PUBLICACIÓN, DISTRIBUCIÓN, ETC.
Lugar de publicación, distribución, etc. San Sebastián :
Nombre del editor, distribuidor, etc. Real Sociedad Vascongada de Amigos del País,
Fecha de publicación, distribución, etc. [1974]
300 ## - DESCRIPCIÓN FÍSICA
Extensión 220 p. :
Otras características físicas il. ;
Dimensiones 21 cm.
595 ## -
-- Separata de: Boletín de la Real Sociedad Vascongada de los Amigos del País, años XXIX y XXX.
650 #4 - PUNTO DE ACCESO ADICIONAL DE MATERIA--TÉRMINO DE MATERIA
Término de materia o nombre geográfico como elemento de entrada Pelota vasca.
9 (RLIN) 155094
650 #4 - PUNTO DE ACCESO ADICIONAL DE MATERIA--TÉRMINO DE MATERIA
Término de materia o nombre geográfico como elemento de entrada Juegos de pelota.
9 (RLIN) 136326
710 2# - ENTRADA AGREGADA--NOMBRE DE ENTIDAD CORPORATIVA
Nombre de entidad corporativa o nombre de jurisdicción como elemento de entrada Real Sociedad Bascongada de los Amigos del País
9 (RLIN) 6366
852 ## - LOCALIZACIÓN
Ubicación ES-MaACL
Número de control de estantería E-6323
852 ## - LOCALIZACIÓN
Ubicación ES-MaACL
Número de control de estantería E-6533
Sublocalización o colección R.90630
Holdings
Estatus retirado Estado de pérdida Estado de daño No para préstamo Biblioteca de origen Biblioteca actual Ubicación en estantería Fecha de adquisición Fuente de adquisición Total de préstamos Signatura topográfica completa Código de barras Visto por última vez Precio de reemplazo Tipo de ítem Koha
        Biblioteca del Ateneo de Madrid Biblioteca del Ateneo de Madrid Depósito 2 17/01/2008     E-6533 1037486 23/02/2023 23/02/2023 Libro impreso
        Biblioteca del Ateneo de Madrid Biblioteca del Ateneo de Madrid Depósito 2 17/01/2008     E-6323 1037485 23/02/2023 23/02/2023 Libro impreso